Strange school stories / (Record no. 2546)

MARC details
000 -LEADER
fixed length control field 01160cam a2200277 a 4500
005 - DATE AND TIME OF LATEST TRANSACTION
control field 20231214160909.0
020 ## - INTERNATIONAL STANDARD BOOK NUMBER
International Standard Book Number 0439687748 (pbk.)
020 ## - INTERNATIONAL STANDARD BOOK NUMBER
International Standard Book Number 9780439687744
040 ## - CATALOGING SOURCE
Original cataloging agency SO$
Transcribing agency SO$
Modifying agency DLC
Language of cataloging eng
050 00 - LIBRARY OF CONGRESS CALL NUMBER
Classification number AG243
Item number .P245 2004
082 00 - DEWEY DECIMAL CLASSIFICATION NUMBER
Classification number 031.02
Edition number 22
100 1# - MAIN ENTRY--PERSONAL NAME
Personal name Packard, Mary
245 10 - TITLE STATEMENT
Title Strange school stories /
Statement of responsibility, etc. by Mary Packard and the editors of Ripley Entertainment, Inc.
250 ## - EDITION STATEMENT
Edition statement First printing, October 2004
260 ## - PUBLICATION, DISTRIBUTION, ETC.
Place of publication, distribution, etc. New York :
Name of publisher, distributor, etc. Scholastic,
Date of publication, distribution, etc. 2004
300 ## - PHYSICAL DESCRIPTION
Extent 86 pages :
Other physical details illustrations ;
Dimensions 20 cm
490 1# - SERIES STATEMENT
Series statement Ripley's believe it or not
505 ## - FORMATTED CONTENTS NOTE
Formatted contents note Z
520 ## - SUMMARY, ETC.
Summary, etc. How would you like to meet a dog with a college degree? Or better yet, an 84-year-old first grader? Want to know how one coach got his team to swim? He dropped a crocodile in the pool, of course!School reading has never been so fun with is wild collection of school-based stories. They will fill your mind with odd-ucational wonder!
521 1# - TARGET AUDIENCE NOTE
Target audience note 1000
Source Lexile estimate
521 0# - TARGET AUDIENCE NOTE
Target audience note Z
Source Raz-Plus
650 #0 - SUBJECT ADDED ENTRY--TOPICAL TERM
Topical term or geographic name entry element Curiosities and wonders
Form subdivision Juvenile literature.
906 ## - LOCAL DATA ELEMENT F, LDF (RLIN)
a 7
b cbc
c copycat
d 2
e ncip
f 20
g y-gencatlg
942 ## - ADDED ENTRY ELEMENTS (KOHA)
Source of classification or shelving scheme Dewey Decimal Classification
Koha item type Books
Suppress in OPAC No
999 ## -
-- 2546
-- 2546
Holdings
Withdrawn status Lost status Source of classification or shelving scheme Damaged status Not for loan Collection Home library Current library Shelving location Date acquired Total Checkouts Full call number Barcode Date last seen Price effective from Koha item type
    Dewey Decimal Classification     Non-Fiction Footprints International School Library Network Toul Kork Campus Footprints International School Library Network Toul Kork Campus TTP Secondary Non-Fiction Bookshelves 12/14/2023   PAC 031.02 AG243 FISSE01228 12/14/2023 12/14/2023 Books